Retrouve les chansons de Louane - Statistiques

Statistiques générales
  • Ce quiz a été pris 68 fois
  • Le résultat moyen est 17 sur 22
Answers on the Grid
Answers color-coded by a green-red scale on the quiz's grid according to % correct below.
Chiens
Je serai (ta meilleure amie)
Femme de couleur
Avenir
Donne-moi ton coeur
maman
No
Tu m'as dit
Nos secrets
Nuages
La pluie
soleil
Midi sur Novembre
Le droit à l'erreur
Tornade
Confessions nocturnes
Si t'étais là
Les étoiles
Color gitano
Le bateau coule
Derrière le brouillard
Les filles d'aujourd'hui
Secret
Capitaine
Pookie
On était beau
Aimer à mort
Belle demoiselle
Jour 1
Pardonne-moi
 
Statistiques - réponses
Réponse % Correct
Avenir
98%
Jour 1
94%
maman
94%
On était beau
94%
Secret
91%
Aimer à mort
87%
Si t'étais là
87%
Derrière le brouillard
83%
La pluie
83%
Nos secrets
83%
No
81%
Pardonne-moi
81%
Chiens
80%
Les étoiles
80%
Nuages
72%
Donne-moi ton coeur
70%
Midi sur Novembre
65%
Tornade
63%
Tu m'as dit
63%
Capitaine
59%
Le bateau coule
57%
soleil
56%
Aucun quiz correspondant
Distribution des résultats
% des personnes avec chaque résultat
Percentile par nombre de réponses
Votre historique - résultats
Vous n’avez pas pris ce quiz